000 00923nam a2200253 i 4500
001 55348
003 ES-MaACL
007 t|
008 030918s1975 sp ||||1| spa d
100 1 _aDenis-Papin, Maurice
_943708
245 1 0 _aCurso de cálculo matricial aplicado /
_cM. Denis-Papin, A. Kaufmann ; prólogos de F. Esclangon, G. Leher ; traducido por Carlos Dobon Díaz ; revisión técnica de José Pérez Vilaplana.
250 _a[1ª ed.].
260 _aBilbao :
_bUrmo,
_c[1975]
300 _a384 p., 4 lám. :
_bil. ;
_c25 cm.
490 1 _aCurso de Matemáticas Superiores
700 1 _aKaufmann, A.
_967644
700 1 _aEsclangon, F.
_947544
700 1 _aLehr, G.
_971356
700 1 _aDobon Díaz, Carlos.
_944940
700 1 _aPérez Vilaplana, Carlos.
_991205
830 0 0 _aCurso de matemáticas superiores
_9182545
852 _aES-MaACL
_jE-8309
_bR.92662
999 _c55348
_d55348